000 00808cam a22002651 4500
001 29347
003 BD-RjUL
005 20211209051412.0
008 140304r19641954nyu 001 0 eng
035 _a(BD-RjUL)29432
040 _aDLC
_cDLC
_dBD-RjUL
_beng
041 _aeng
082 0 0 _a137.8
_bSCP 1964
100 1 _aSchafer, Roy.
_989017
245 1 0 _aPsychoanalytic interpretation in Rorschach testing :
_btheory and application /
_cRoy Schafer.
260 _aNew York :
_bGrune & Stratton,
_cc1954 [Printing 1964].
300 _axiv, 446 p. ;
_c24 cm.
490 1 _aAusten Riggs Foundation. Monograph series,
_vno. 3
504 _aIncludes index.
650 0 _aPsychoanalysis.
_989521
650 0 _aRorschach Test.
_988677
942 _2ddc
_cBK
999 _c29347
_d29347